Métodos de investigación en las relaciones sociales
Saved in:
| Main Authors: | , , , |
|---|---|
| Format: | Bog |
| Sprog: | spansk |
| Udgivet: |
Madrid
Rialp
1965
|
| Udgivelse: | 2a. ed |
| Serier: | Biblioteca de educación y ciencias sociales. Serie técnicas y estudios experimentales
|
| Fag: | |
| Tags: |
Tilføj Tag
Ingen Tags, Vær først til at tagge denne postø!
|
MARC
| LEADER | 00000nam a2200000 a 4500 | ||
|---|---|---|---|
| 001 | UCR4483 | ||
| 003 | CL-VaPUC | ||
| 005 | 20231117122543.0 | ||
| 008 | 980309e19650000SP |||||||||||||||||spa|d | ||
| 999 | |c 267424 |d 267422 | ||
| 040 | |c Pontificia Universidad Católica de Valparaíso | ||
| 082 | 0 | 4 | |a 301 |b SEL |2 21 |
| 100 | 0 | |a Selltiz, Claire |e author |9 404691 | |
| 245 | 1 | 0 | |a Métodos de investigación en las relaciones sociales |
| 250 | |a 2a. ed | ||
| 260 | |a Madrid |b Rialp |c 1965 | ||
| 300 | |a 670 p | ||
| 440 | |v v.6 |9 605638 | ||
| 490 | 0 | |a Biblioteca de educación y ciencias sociales. Serie técnicas y estudios experimentales | |
| 583 | |a last modification |c 19980309 00:00:00 |k Rodrigo Vera | ||
| 650 | 0 | |a Ciencias sociales |v Investigación |9 307767 | |
| 650 | 7 | |a INVESTIGACION DE CAMPO |2 CL-VaPUC |9 335943 | |
| 650 | 0 | |a Métodos de investigación |9 262618 | |
| 650 | 0 | |a Ciencias sociales |9 256351 | |
| 650 | 7 | |a OBSERVACION |2 CL-VaPUC |9 336333 | |
| 650 | 0 | |a Entrevistas |9 265537 | |
| 650 | 7 | |a CUESTIONARIOS |2 CL-VaPUC |9 335942 | |
| 650 | 0 | |a Sociometría |9 271452 | |
| 650 | 0 | |a Informes |9 334810 | |
| 700 | |a Jahoda, Marie |e author |9 404692 | ||
| 700 | 0 | |a Deutsch, Morton |e author |9 404693 | |
| 700 | 0 | |a Cook, Stuart |e author |9 404694 | |
| 942 | |c BK |2 ddc | ||
| 945 | |d 19980309 00:00:00 |a lriquelm | ||
| 952 | |0 0 |1 0 |4 0 |6 301_000000000000000_SEL_1965 |7 0 |8 P |9 299718 |a BIBENE |b BIBENE |d 2019-11-20 |i 1942867 |o 301 SEL 1965 |p 1942867 |r 2025-01-15 |w 2019-11-20 |y BK |k ICO | ||
| 952 | |0 0 |1 0 |2 ddc |4 0 |6 301_000000000000000_SEL_1965 |7 0 |8 P |9 495823 |a BIBGIM |b BIBGIM |d 2020-01-07 |e Donación |i 5614619 |o 301 SEL 1965 |p 5614619 |r 2025-01-15 |t 2 |w 2020-01-07 |y BK |k GIM | ||